000 01190cam a22003497a 4500
003 CHAP
005 20220329133824.0
008 971013d1983 mexb r 00010 spa d
010 _a11392
011 _a12364
035 _a15490
040 _cCHAP
090 _aFolleto 8584
100 0 0 _aRodríguez Montes de Oca, Roberto.
_998717
245 1 0 _aLogros y aportaciones de la investigación agrícola en el cultivo del hule
260 _aMéxico :
_bINIA,
_c1983
300 _a18 p.
490 0 _aPublicación especial
_v; 100
590 _aBATCH-UPD
_b10
_c20130110
_lUCH01
_h0050
590 _aBATCH-UPD
_b10
_c20130110
_lUCH01
_h1251
590 _aBATCH-UPD
_b10
_c20130409
_lUCH01
_h2038
590 _aBATCH-UPD
_b10
_c20130410
_lUCH01
_h0813
590 _aBATCH-UPD
_b10
_c20130914
_lUCH01
_h0901
590 _aCONVERSION
_b10
_c20130109
_lUCH01
_h1308
650 1 4 _aCaucho
_xInvestigación.
_920555
830 0 _aPublicación especial
_v; 100
_992760
901 _aBK
942 _cFOLL
949 _aFolleto 862
_bBC
_cFOLL
_d-154261
_eTS1
_i15490
_si
949 _aFolleto 862
_bBC
_cFOLL
_d-154262
_eTS2
_fc.2
_i15490
_si
949 _aFolleto 862
_bBC
_cFOLL
_d154903
_eTS2
_fc.3
_i15490
_kDonaciØn
_si
999 _c11392
_d11392